000
00259nam a22001217a 4500
008
190206b xxu||||| |||| 00| 0 eng d
041
_a
eng
080
_a
701
100
_a
44
101
_a
ART
245
_a
The Story of Art
_c
Gombrich,E.H
942
_2
udc
_c
BK
999
_c
54095
_d
54095